000 00393nam a2200169Ia 4500
008 221030s9999 xx 000 0 und d
020 _a8188114391
041 _aEnglish
082 _a105.23
100 _aR. R. Dudeja
245 0 _aOptical Fiber Communication
_cby R. R. Dudeja
250 _a3rd
260 _bUmesh Pub.
_aNew Delhi
_c2009
300 _a496
650 _aECE
942 _cBK
999 _c9003
_d9003